000
00331nam a22001457a 4500
008
230123b ||||| |||| 00| 0 eng d
020
_a
9780205246441
041
_a
eng
080
_2
SEVENTH EDDITION
_a
34
082
_a
34MAZ
100
_a
31
101
_a
JURE
245
_a
LEARNING AND BEHAVIOR
_c
MAZUR E J
942
_2
udc
_c
BK
999
_c
59250
_d
59250